000
00480nam a2200145Ia 4500
008
151213s9999 xx 000 0 und d
100
_a
বাংলা একাডেমী।
245
_a
নিবেদন।
_c
বাংলা একাডেমী।
260
_a
ঢাকা
_b
বাংলা একাডেমী।
_c
1983
300
_a
8507 p.
650
_a
Bangla
650
_a
Bengali Literature
700
_a
বাংলা একাডেমী।
999
_c
4344
_d
4344